Secrets of ancient cultures : The Inca : activities and crafts from a mysterious land

This book is filled with activities and projects that will show you how the ancient Inca people lived and played, as well as how they managed to create an empire that extended nearly 3,000 miles! You’ll learn about the bravery of Inca warriors as you construct a war shield. You’ll discover how the I...

Volledige beschrijving

Bewaard in:
Bibliografische gegevens
Hoofdauteur: Braman, Arlette N.
Formaat: Boek
Taal:Undetermined
Gepubliceerd in: Hoboken, N.J. John Wiley & Sons, Inc. 2004
Onderwerpen:
Tags: Voeg label toe
Geen labels, Wees de eerste die dit record labelt!
Thư viện lưu trữ: Trung tâm Học liệu Trường Đại học Cần Thơ
LEADER 01408nam a2200229Ia 4500
001 CTU_136561
008 210402s9999 xx 000 0 und d
020 |c 12.95 
082 |a 985.01 
082 |b B815 
100 |a Braman, Arlette N. 
245 0 |a Secrets of ancient cultures : 
245 4 |b The Inca : activities and crafts from a mysterious land 
245 0 |c Arlette N. Braman ; Illustrated by Michele Nidenoff 
260 |a Hoboken, N.J. 
260 |b John Wiley & Sons, Inc. 
260 |c 2004 
520 |a This book is filled with activities and projects that will show you how the ancient Inca people lived and played, as well as how they managed to create an empire that extended nearly 3,000 miles! You’ll learn about the bravery of Inca warriors as you construct a war shield. You’ll discover how the Inca created beautiful music with panpipes and dance bells–and you’ll make them yourself! You’ll get to prepare a tasty Inca dish called Andean stew. Plus, you’ll find lots of amazing Inca facts on topics ranging from history and religion to language, metalworking, and art. So get ready for lots of fun as you discover the ancient secrets of The Inca. 
650 |a Bộ tộc Inca,Indian craft,Incas,Incas,Indian craft,Indians of South America,Handicraft 
650 |x Material culture 
904 |i Giang 
980 |a Trung tâm Học liệu Trường Đại học Cần Thơ